00565nam a22001451i 4500082001800000100002700018245009600045260003600141300004500177526003700222650001300259942001200272999001900284952011600303 a957.0317bSED1 aSedgwick, F. R.95036214aThe Indian mutiny of 1857 :ba sketch of the principal military events /cby F.R. Sedgwick. aLondon :bForster Groom,c1909. a160 p., [5] leaves :b5 maps (in pocket) a0b0c0d957_031700000000000_SED aMCE9379 2ddccBK c553091d553091 00102ddc4070aMCEbMCEcArchive Sectiond2015-01-29l0o957.0317 SEDpMCE-CEI/35r2015-01-29w2015-01-29yBK